Equipe de france rugby grand chelem 2022 - Statistiques

Statistiques générales
  • Ce quiz a été pris 227 fois
  • Le résultat moyen est 18 sur 23
Statistiques - réponses
hint Réponse % Correct
9 Antoine Dupont
97%
2 Julien Marchand
95%
10 Romain Ntamack
95%
1 Cyril Baille
94%
14 Damian Penaud
93%
13 Gaël Fickou
92%
23 Thomas Ramos
90%
3 Uini Atonio
90%
7 Anthony Jelonch
87%
16 Peato Mauvaka
87%
12 Johnatan Danty
86%
15 Melvyn Jaminet
84%
6 François Cros
82%
11 Gabin Villière
80%
22 Maxime Lucu
77%
5 Paul Willemse
75%
20 Thibault Flament
71%
4 Cameron Woki
69%
8 Gregory Alldritt
68%
17 Jean-Baptiste Gros
64%
19 Romain Taofifenua
62%
18 Mohamed Haouas
43%
21 Dylan Cretin
38%
Aucun quiz correspondant
Distribution des résultats
% des personnes avec chaque résultat
Percentile par nombre de réponses
Votre historique - résultats
Vous n’avez pas pris ce quiz